Quizzes
Events
Quiz Creation
Community
Videos
Private Events
Remove Ads
Sign In
Join for FREE
Feedback
Dark Mode
Quiz Categories
Sports
Geography
Music
Movies
Television
Just For Fun
Miscellaneous
History
Literature
Language
Science
Gaming
Entertainment
Religion
Holiday
For Kids
Quiz Lab
Recent
Popular Today
Quiz Kudos Today
Editor Picks
Curator Picks
Quizzes by...
Day
Popularity
Type
Ratings
Length
Year
Community
Subscriptions
Recent Discussions
Orange Saloon
Badges
Playlists
Quests
Create
Leaderboards
Showdown
Live 5
Trivia Bingo
Activity
Puzzle Library
Sporcle Events
Private Events
Virtual Trivia
Globe League
Become a Host
Pub Owners
SporcleCon
Opinionation
Our Games
Videos
Blog
Mobile Apps
Partnerships
Remove Ads and Go Orange
Feedback
Sports
Athletes
MLB
NBA
NHL
NFL
Soccer
Sports Teams
WWE
NCAA
Football
Premier League
Basketball
Baseball
Hockey
Golf
Tennis
Cricket
Rugby
Auto Racing
Olympics
World Cup
Sports
Athletes
MLB
NBA
NHL
NFL
Soccer
Sports Teams
WWE
NCAA
Football
Premier League
Basketball
Baseball
Hockey
Golf
Tennis
Cricket
Rugby
Auto Racing
Olympics
World Cup
Random Quiz
Search Sporcle
×
Quiz Lab
Quiz Lab
Sports
Houston Rockets
Type in answers that appear in a list
Type in answers that appear in a list
Classic
Best Score? Go Orange.
Houston Rockets Leading Scorer per year Stats
Can you name the Houston Rockets Leading Scorer per year?
By
codyvarn95
10m
49 Questions
162 Plays
162 Plays
162 Plays
Comments
Comments
Give Quiz Kudos
Give Quiz Kudos
-
- Ratings
hide this ad
Replay
Link that replays current quiz
Next Quiz
Link to next quiz in quiz playlist
You Got
0%
They Got
Avg Score
77%
Avg Friend Score
Upgrade to see
Score Distribution
Jump to the score distribution portion of the page
Score
0/49
Timer
10:00
0
Plays Today
Year
Player
% Correct
2015
James Harden
98.8%
2016
James Harden
98.8%
2014
James Harden
98.8%
2013
James Harden
98.8%
1999
Hakeem Olajuwon
98.8%
1997
Hakeem Olajuwon
98.8%
1996
Hakeem Olajuwon
98.8%
1995
Hakeem Olajuwon
98.8%
1994
Hakeem Olajuwon
98.8%
1993
Hakeem Olajuwon
98.8%
1992
Hakeem Olajuwon
98.8%
1990
Hakeem Olajuwon
98.8%
1989
Hakeem Olajuwon
98.8%
1988
Hakeem Olajuwon
98.8%
1987
Hakeem Olajuwon
98.8%
1986
Hakeem Olajuwon
98.8%
2009
Yao Ming
95.1%
2006
Yao Ming
95.1%
2004
Yao Ming
95.1%
2008
Tracy McGrady
94.4%
2007
Tracy McGrady
94.4%
2005
Tracy McGrady
94.4%
2003
Steve Francis
84.6%
2001
Steve Francis
84.6%
2000
Steve Francis
84.6%
Year
Player
% Correct
1982
Moses Malone
79%
1981
Moses Malone
79%
1980
Moses Malone
79%
1979
Moses Malone
79%
1985
Ralph Sampson
76.5%
1984
Ralph Sampson
76.5%
1978
Calvin Murphy
67.9%
1976
Calvin Murphy
67.9%
1977
Rudy Tomjanovich
65.4%
1975
Rudy Tomjanovich
65.4%
1974
Rudy Tomjanovich
65.4%
1973
Rudy Tomjanovich
65.4%
1972
Elvin Hayes
63.6%
1971
Elvin Hayes
63.6%
1970
Elvin Hayes
63.6%
1969
Elvin Hayes
63.6%
2012
Luis Scola
59.3%
2011
Kevin Martin
51.2%
2002
Cuttino Mobley
48.1%
1991
Otis Thorpe
45.7%
2010
Aaron Brooks
45.1%
1998
Kevin Willis
14.2%
1968
Don Kojis
9.9%
1983
Allen Leavell
8%
Quiz Playlist
Details
Report
Send in Message
Add To Playlist
Classic:
Type in answers that appear in a list
Last Updated: Feb 16, 2017
Quiz Scoreboard
CHALLENGE
Sign Up to Join the Scoreboard
Show All
Scores
Hide
Comments
May contain spoilers
Recently Published
Click the 1999 NBA Draft
by nibperrychub
Sports
2m
Alphabetical 'K' Countries by Flag Minefield
by ylime102
Geography
3m
Pick 6: Fruits
by JohnFran
Miscellaneous
15s
More to Explore
Quiz From the Vault
Featured Blog Post
15 Basketball Trivia Facts You Can Be March Mad About
hide this ad
You Might Also Like...
Tags
Houston Rockets
Today's Top Quizzes in Sports
Browse Sports
hide this ad
Today's Top Quizzes in Houston Rockets
Browse Houston Rockets
Top Contributed Quizzes in Sports
1
Les joueurs à 100 buts en Ligue 1 Uber Eats
2
Pick 6: NFL Teams
3
MLB 2 truths and a lie: Hall of Fame pitchers
4
Criteria MLB: Left Handed Sluggers
5
2022 World Cup Stars
6
Don't Strike Out: 3000 Strikeouts
7
Millionaire: NBA Finals Edition
8
Pick 6: Minor League Baseball
9
Click the 1998 NBA Draft
10
Pick 6: Olympics
Explore More
Trending Topics
NBA
Marvel
Kpop
Harry Potter
Crossword
Disney
Anime
Country
NFL
Soccer
Song
Pokémon
The Office
Puzzle
WWE
hide this ad
More By:
codyvarn95
Quiz
Plays
Rating
Category
Featured
Created
NBA Top 100 in points rebounds and assists
1,518
4.20
Sports
Sep 19, 2016
Top NBA total points leading Scorer every year
471
1.40
Sports
Aug 29, 2016
1970's NCAA Basketball All-Americans
406
4.00
Sports
Aug 28, 2016
1980's NCAA Basketball All-Americans
231
Sports
Aug 28, 2016
Los Angeles Lakers Leading Scorer per year
224
3.67
Sports
Aug 30, 2016
Go to Creator's Profile
Score Distribution
Quiz Creator Spotlight
codyvarn95
Follow
Send a Message
Quizzes Created
-
Created Quiz Play Count
-
More By This Creator
Popular Quizzes Today
1
Countries of Asia Without Outlines Minefield
2
Find the US States - No Outlines Minefield
3
Pick 6: Fruits
4
Alphabetical 'K' Countries by Flag Minefield
5
The Countries of the World
6
Find the US States
7
US States
8
Match the Book to the Film X
More Sports Quizzes
First XI: Lucas Moura
Quiz Lab
Trending Quizzes
Pick 6: Harry Potter
Pick 6: Mountains
Pick 6: NFL Teams
Pick 6: Movie Franchises
Pick 6: Golfers
Recently Updated
NWSL Teams
pecheneg
Women's Final Four Teams by Year
bhenderson79
Presidents Quartet II
eogle
Anything But Clue(do)
eogle
Anything But Oceanian Capitals
eogle
Anything But 7
eogle
Anything But Thing
eogle
Word Ladder: February 29
pecheneg
Song Title Questions
pecheneg
Women's NCAA Tournament #1 Seeds
pecheneg
Trending Topics
Disney
Marvel
Kpop
Anime
Crossword
Harry Potter
NBA
Country
WWE
Soccer
Song
Pokémon
NFL
The Office
Puzzle
Your Account Isn't Verified!
In order to create a playlist on Sporcle, you need to verify the email address you used during registration. Go to your
Sporcle Settings
to finish the process.
Report this User
Report this user for behavior that violates our
Community Guidelines
.
Details:
Send Report
Go to the Sporcle.com Mobile Site →
Comments